Sports Quiz

Random Sports or Tennis Quiz

The best of Men's tennis in 1992 Quiz Stats

 Plays Quiz not verified by Sporcle

Score 0/118 Timer 06:00
0 Plays Today
Hint Answer % Correct
French Open Singles Semifinalist (USA)Andre Agassi
96.6%
Wimbledon Singles Champion (USA)Andre Agassi
96.6%
Atlanta Champion (USA)Andre Agassi
96.6%
Toronto Champion (USA)Andre Agassi
96.6%
Australian Open Singles Champion (USA)Jim Courier
95.3%
French Open Singles Champion (USA)Jim Courier
95.3%
Wimbledon Singles Semifinalist (USA2)Pete Sampras
95.3%
US Open Singles Runner-up (USA)Pete Sampras
95.3%
US Open Singles Semifinalist (USA1)Jim Courier
95.3%
ATP Finals Singles Runner-up (USA)Jim Courier
95.3%
Philadelphia Champion (USA)Pete Sampras
95.3%
Tokyo (Outdoor) Champion (USA)Jim Courier
95.3%
Hong Kong Champion (USA)Jim Courier
95.3%
Rome Champion (USA)Jim Courier
95.3%
Kitzbühel Champion (USA)Pete Sampras
95.3%
Cincinnati Champion (USA)Pete Sampras
95.3%
Indianapolis Champion (USA)Pete Sampras
95.3%
Lyon Champion (USA)Pete Sampras
95.3%
Australian Open Singles Runner-up (SWE)Stefan Edberg
94.8%
US Open Singles Champion (SWE)Stefan Edberg
94.8%
Hamburg Champion (SWE)Stefan Edberg
94.8%
New Haven Champion (SWE)Stefan Edberg
94.8%
ATP Finals Singles Champion (GER)Boris Becker
94.4%
Brussels Champion (GER)Boris Becker
94.4%
Rotterdam Champion (GER)Boris Becker
94.4%
Basel Champion (GER)Boris Becker
94.4%
Paris Champion (GER)Boris Becker
94.4%
Olympics Doubles Gold Medal (GER)Boris Becker & Michael Stich
92.7%
Wimbledon Singles Runner-up (CRO)Goran Ivanišević
91.4%
Olympics Singles Bronze Medal (CRO)Goran Ivanišević
91.4%
Olympics Doubles Bronze Medal (CRO)Goran Ivanišević & Goran Prpić
91.4%
Wimbledon Doubles Champions (USA/GER)John McEnroe & Michael Stich
91.4%
Adelaide Champion (CRO)Goran Ivanišević
91.4%
Stuttgart (Indoor) Champion (CRO)Goran Ivanišević
91.4%
Sydney (Indoor) Champion (CRO)Goran Ivanišević
91.4%
Stockholm Champion (CRO)Goran Ivanišević
91.4%
Australian Open Singles Semifinalist (NED)Richard Krajicek
90.6%
Los Angeles Champion (NED)Richard Krajicek
90.6%
Antwerp Champion (NED)Richard Krajicek
90.6%
US Open Singles Semifinalist (USA2)Michael Chang
88.8%
Hint Answer % Correct
San Francisco Champion (USA)Michael Chang
88.8%
Indian Wells Champion (USA)Michael Chang
88.8%
Miami Champion (USA)Michael Chang
88.8%
Wimbledon Singles Semifinalist (USA1)John McEnroe
88.4%
Rosmalen Champion (GER)Michael Stich
88%
Grand Slam Cup Champion (GER)Michael Stich
88%
French Open Mixed Doubles Champions (AUS/ESP)Todd Woodbridge & Arantxa Sánchez Vicario
86.7%
Australian Open Singles Semifinalist (RSA)Wayne Ferreira
86.3%
Queen's Champion (RSA)Wayne Ferreira
86.3%
Schenectady Champion (RSA)Wayne Ferreira
86.3%
Australian Open Doubles Champions (AUS/AUS)Todd Woodbridge & Mark Woodforde
84.5%
ATP Finals Doubles Champions (AUS/AUS)Todd Woodbridge & Mark Woodforde
84.5%
Olympics Doubles Silver Medal (RSA)Wayne Ferreira & Piet Norval
83.7%
French Open Doubles Champions (SUI/SUI)Jakob Hlasek & Marc Rosset
83.3%
Tokyo (Indoor) Champion (USA)Ivan Lendl
83.3%
Olympics Singles Gold Medal (SUI)Marc Rosset
82.4%
Moscow Champion (SUI)Marc Rosset
82.4%
Madrid Champion (ESP)Sergi Bruguera
81.5%
Gstaad Champion (ESP)Sergi Bruguera
81.5%
Palermo Champion (ESP)Sergi Bruguera
81.5%
Australian Open Mixed Doubles Champions (AUS/AUS)Mark Woodforde & Nicole Provis
80.7%
US Open Mixed Doubles Champions (AUS/AUS)Mark Woodforde & Nicole Provis
80.7%
French Open Singles Runner-up (CZE)Petr Korda
79.8%
Monte Carlo Champion (AUT)Thomas Muster
79.8%
Florence Champion (AUT)Thomas Muster
79.8%
Washington Champion (CZE)Petr Korda
79.8%
Umag Champion (AUT)Thomas Muster
79.8%
Long Island Champion (CZE)Petr Korda
79.8%
Vienna Champion (CZE)Petr Korda
79.8%
Genova Champion (UKR)Andrei Medvedev
79.4%
Stuttgart (Outdoor) Champion (UKR)Andrei Medvedev
79.4%
Bordeaux Champion (UKR)Andrei Medvedev
79.4%
French Open Singles Semifinalist (FRA)Henri Leconte
78.1%
Sydney (Outdoor) Champion (ESP)Emilio Sánchez
77.7%
Davis Cup ChampionUSA
76.4%
Toulouse Champion (FRA)Guy Forget
68.7%
Estoril Champion (ESP)Carlos Costa
67.4%
Barcelona Champion (ESP)Carlos Costa
67.4%
Båstad Champion (SWE)Magnus Gustafsson
67%
Copenhagen Champion (SWE)Magnus Larsson
66.5%
Hint Answer % Correct
Munich Champion (SWE)Magnus Larsson
66.5%
Memphis Champion (USA)MaliVai Washington
64.4%
Charlotte Champion (USA)MaliVai Washington
64.4%
Auckland Champion (PER)Jaime Yzaga
63.9%
Tampa Champion (PER)Jaime Yzaga
63.9%
Johannesburg Champion (USA)Aaron Krickstein
63.5%
Olympics Singles Bronze Medal (RUS)Andrei Cherkasov
62.7%
Hilversum Champion (CZE)Karel Nováček
62.2%
San Marino Champion (CZE)Karel Nováček
62.2%
Prague Champion (CZE)Karel Nováček
62.2%
Olympics Singles Silver Medal (ESP)Jordi Arrese
61.8%
Athens Champion (ESP)Jordi Arrese
61.8%
Wimbledon Mixed Doubles Champions (CZE/LAT)Cyril Suk & Larisa Neiland
61.4%
ATP Finals Doubles Runners-up (USA/USA)Kelly Jones & Rick Leach
59.2%
US Open Doubles Champions (USA/USA)Jim Grabb & Richey Reneberg
57.5%
Bolzano Champion (SWE)Thomas Enqvist
57.5%
Davis Cup Runner-upSwitzerland
53.2%
Hopman Cup ChampionSwitzerland
53.2%
Hopman Cup Runner-upCzechoslovakia
52.4%
São Paulo Champion (BRA)Luiz Mattar
50.6%
Taipei Champion (USA)Jim Grabb
50.2%
Casablanca Champion (ARG)Guillermo Pérez-Roldán
49.4%
Manchester Champion (NED)Jacco Eltingh
48.1%
Olympics Doubles Bronze Medal (ARG)Javier Frana & Christian Miniussi
45.5%
Scottsdale Champion (ITA)Stefano Pescosolido
39.5%
Milan Champion (ITA)Omar Camporese
33.9%
Bologna Champion (BRA)Jaime Oncins
33.5%
Búzios Champion (BRA)Jaime Oncins
33.5%
Seoul Champion (JAP)Shuzo Matsuoka
32.2%
Cologne Champion (GER)Bernd Karbacher
32.2%
Wellington Champion (USA)Jeff Tarango
27.9%
Tel Aviv Champion (USA)Jeff Tarango
27.9%
Maceió Champion (ESP)Tomás Carbonell
27%
Newport Champion (USA)Bryan Shelton
21.9%
Brisbane Champion (FRA)Guillaume Raoux
18.9%
Guarujá Champion (GER)Carsten Arriens
18.9%
Singapore Champion (AUS)Simon Youl
17.2%
Nice Champion (ARG)Gabriel Markus
13.7%

You're not logged in!

Compare scores with friends on all Sporcle quizzes.
OR
Log In

Sporcle TV

Today on Sporcle TV


Watch our educational content, quiz creation guides, and fun videos on Sporcle TV.

Show Comments

Extras

Top Quizzes Today


Score Distribution

Your Account Isn't Verified!

In order to create a playlist on Sporcle, you need to verify the email address you used during registration. Go to your Sporcle Settings to finish the process.

Report this User

Report this user for behavior that violates our Community Guidelines.

Details: